Советский конституционализм 1918-1925 гг.: доктрины, институты и репрезентации (Запись № 12471589)

Подробности
000 -МАРКЕР
контрольное поле 03240nam0a2200433 4500
001 - ИДЕНТИФИКАТОР ЗАПИСИ
контрольное поле RU\NLR\BIBL_A\012564688
005 - ИДЕНТИФИКАТОР ВЕРСИИ
контрольное поле 20211028163008.0
010 ## - МЕЖДУНАРОДНЫЙ СТАНДАРТНЫЙ НОМЕР КНИГИ (ISBN)
Номер (ISBN) 978-5-7845-0628-3
Тираж 50
021 ## - НОМЕР ГОСУДАРСТВЕННОЙ РЕГИСТРАЦИИ
Код страны Российская Федерация
Номер КН-П-21-012743
Номер Листа государственной регистраци КН-П-21-1031
035 ## - ДРУГИЕ СИСТЕМНЫЕ НОМЕРА
Идентификатор записи (NLR Aleph) 012564688
100 ## - ДАННЫЕ ОБЩЕЙ ОБРАБОТКИ
Данные общей обработки 20210715d2019 k y0rusy50 ca
101 0# - ЯЗЫК РЕСУРСА
Язык текста, звукозаписи и т.д. русский
Язык резюме английский
102 ## - СТРАНА ПУБЛИКАЦИИ ИЛИ ПРОИЗВОДСТВА
Страна публикации Российская Федерация
105 ## - ПОЛЕ КОДИРОВАННЫХ ДАННЫХ: ТЕКСТОВЫЕ МАТЕРИАЛЫ, МОНОГРАФИЧЕСКИЕ
Кодированные данные о монографическом текстовом документе y z 100zy
181 #0 - ПОЛЕ КОДИРОВАННЫХ ДАННЫХ: ВИД СОДЕРЖАНИЯ
Код вида содержания (ISBD) i
Код характеристики содержания (ISBD) axxe
182 #0 - ПОЛЕ КОДИРОВАННЫХ ДАННЫХ: ТИП СРЕДСТВА
Код типа средства (ISBD) n - непосредственное
200 1# - ЗАГЛАВИЕ И СВЕДЕНИЯ ОБ ОТВЕТСТВЕННОСТИ
Основное заглавие Советский конституционализм 1918-1925 гг.: доктрины, институты и репрезентации
Сведения, относящиеся к заглавию материалы круглого стола
-- сборник докладов
Первые сведения об ответственности Российский фонд фундаментальных исследований, Отделение гуманитарных и общественных наук, Уральский государственный юридический университет, Научно-образовательный центр изучения проблем теории и истории государства и права
Последующие сведения об ответственности ответственный редактор: К. С. Коровин
203 ## - ВИД СОДЕРЖАНИЯ И ТИП СРЕДСТВА
Вид содержания Текст
Дополнительные сведения об издании визуальный
Тип средства непосредственный
210 ## - ПУБЛИКАЦИЯ, РАСПРОСТРАНЕНИЕ И ДР.
Место издания, распространения и т.д. Екатеринбург
Имя издателя, распространителя и т. д. Раритет
-- Уральский государственный юридический университет
Дата издания, распространения и т.д. 2019
215 ## - ФИЗИЧЕСКАЯ ХАРАКТЕРИСТИКА
Специфическое обозначение материала и объем 58 с.
Размеры 30
225 1# - СЕРИЯ
Основное заглавие серии Проект научного исследования "Советский конституционализм: доктринальное, юридическое и символическое измерения"
300 ## - ОБЩИЕ ПРИМЕЧАНИЯ
Текст примечания Загл. обл.: Советский конституционализм 1918-1925 гг.
300 ## - ОБЩИЕ ПРИМЕЧАНИЯ
Текст примечания Рез. англ.
320 ## - ПРИМЕЧАНИЯ О НАЛИЧИИ В ДОКУМЕНТЕ БИБЛИОГРАФИИ / УКАЗАТЕЛЯ
Текст примечания Библиогр. в конце ст. и в подстроч. примеч.
512 1# - ЗАГЛАВИЕ ОБЛОЖКИ
Заглавие обложки Советский конституционализм 1918-1925 гг.
606 1# - НАИМЕНОВАНИЕ ТЕМЫ КАК ПРЕДМЕТ
Наименование темы Конституционное право
Формальный подзаголовок Съезды, совещания и т.п
Тематический подзаголовок История
Географический подзаголовок Россия
Системный номер авторитетной/нормативной записи 2368647
Идентификатор авторитетной/нормативной записи RU\NLR\AUTH\6601635837
606 1# - НАИМЕНОВАНИЕ ТЕМЫ КАК ПРЕДМЕТ
Наименование темы Конституционное право
Формальный подзаголовок Съезды, совещания и т.п
Географический подзаголовок СССР
Системный номер авторитетной/нормативной записи 1446456
Идентификатор авторитетной/нормативной записи RU\NLR\AUTH\66612537
686 1# - ИНДЕКСЫ ДРУГИХ КЛАССИФИКАЦИЙ
Индекс Х620я431
686 1# - ИНДЕКСЫ ДРУГИХ КЛАССИФИКАЦИЙ
Индекс Х809(2)я431
702 #1 - ИМЯ ЛИЦА - ВТОРИЧНАЯ ОТВЕТСТВЕННОСТЬ
Начальный элемент ввода Коровин
Часть имени, кроме начального элемента ввода К. С.
Расширение инициалов личного имени Константин Сергеевич
Код отношения Редактор
711 12 - НАИМЕНОВАНИЕ ОРГАНИЗАЦИИ - АЛЬТЕРНАТИВНАЯ ОТВЕТСТВЕННОСТЬ
Начальный элемент ввода "Советский конституционализм (1918-1925 гг.): доктрины, институты и репрезентаци", круглый стол
Место проведения временной организации Екатеринбург
Дата проведения временной организации 2019
Системный номер авторитетной/нормативной записи 759589
Идентификатор авторитетной/нормативной записи RU\NLR\AUTH\880547295
712 02 - НАИМЕНОВАНИЕ ОРГАНИЗАЦИИ - ВТОРИЧНАЯ ОТВЕТСТВЕННОСТЬ
Код отношения Прочие
Начальный элемент ввода Российский фонд фундаментальных исследований
Структурное подразделение Отделение гуманитарных и общественных наук
Системный номер авторитетной/нормативной записи 593684
Идентификатор авторитетной/нормативной записи RU\NLR\AUTH\880465661
942 ## - ДОПОЛНИТЕЛЬНЫЕ ЭЛЕМЕНТЫ ЗАПИСИ (АБИС)
Тип экземпляра АБИС Книга
980 ## - КОЛЛЕКЦИЯ
Название коллекции НБР
980 ## - КОЛЛЕКЦИЯ
Название коллекции Национальная библиография

Нет доступных экземпляров.